Aisling Skeet

Durham A


Categories

Social Science0401406888.0013
History - American History1100254964.5012
Current Events010010126126.0001
Ancient History and Archaeology010010107107.0000
British and Commonwealth History0100109999.0000
Other Science: Earth Science010010100100.0011
Beliefs011056666.0001
Other Academic011058282.0001
Philosophy01200114114.0000
Science - Biology0020-100.0000

Buzzes

Science - Biologyparathyroid glands-545
History - American HistoryNational Security Agency1549
BeliefsCupid and Psyche1066
Social ScienceBrazil1068
Social Scienceplacebo effect1073
Science - Biologyreverse transcriptase-574
Other AcademicDOOM-576
History - American HistoryQuakers1080
Other Academicsteakhouses1082
Social Sciencecognitive1082